Statistics for Countries with embassies and consulates in the Dominican Republic

Click here to take the quiz!

General Stats

  • This quiz has been taken 33 times
  • The average score is 34 of 37

Answer Stats

ContinentCountry% Correct
South AmericaArgentina
100%
South AmericaBrazil
100%
AsiaChina
100%
South AmericaColombia
100%
North AmericaEl Salvador
100%
North AmericaNicaragua
100%
North AmericaPanama
100%
EuropeSpain
100%
EuropeUnited Kingdom
100%
North AmericaUnited States of America
100%
South AmericaVenezuela
100%
North AmericaCanada
97%
South AmericaEcuador
97%
EuropeFrance
97%
North AmericaGuatemala
97%
North AmericaHonduras
97%
EuropeItaly
97%
South AmericaPeru
97%
South AmericaUruguay
97%
South AmericaChile
94%
North AmericaCuba
94%
AsiaJapan
94%
EuropeGermany
90%
North AmericaMexico
90%
South AmericaParaguay
90%
North AmericaBelize
87%
North AmericaCosta Rica
87%
EuropeAustria
84%
North AmericaHaiti
84%
North AmericaJamaica
84%
AsiaSouth Korea
84%
Europethe Netherlands
81%
AfricaMorocco
74%
EuropeSwitzerland
74%
Asia/ EuropeTurkey
74%
EuropeVatican City
68%
AsiaQatar
52%

Score Distribution

Percentile by Number Answered

Percent of People with Each Score

Your Score History

You have not taken this quiz